<?xml version="1.0" encoding="UTF-8"?>
<record
    xmlns:xsi="http://www.w3.org/2001/XMLSchema-instance"
    xsi:schemaLocation="http://www.loc.gov/MARC21/slim http://www.loc.gov/standards/marcxml/schema/MARC21slim.xsd"
    xmlns="http://www.loc.gov/MARC21/slim">

  <leader>00568nam  2200169   4500</leader>
  <controlfield tag="001">5753</controlfield>
  <datafield tag="090" ind1=" " ind2=" ">
    <subfield code="a">5753</subfield>
  </datafield>
  <datafield tag="100" ind1=" " ind2=" ">
    <subfield code="a">20190729k        u||y0frey50      ba</subfield>
  </datafield>
  <datafield tag="101" ind1=" " ind2=" ">
    <subfield code="a">fre</subfield>
  </datafield>
  <datafield tag="200" ind1=" " ind2=" ">
    <subfield code="a">Un pasteur en politique</subfield>
    <subfield code="b">Brochure</subfield>
    <subfield code="f">Ren&#xE9; Cruse</subfield>
  </datafield>
  <datafield tag="210" ind1=" " ind2=" ">
    <subfield code="a">[S.l.]</subfield>
    <subfield code="c">[s.n.]</subfield>
    <subfield code="d">2003</subfield>
    <subfield code="e">Gen&#xE8;ve</subfield>
    <subfield code="g">en vente &#xE0; la Librairie du Boulevard</subfield>
  </datafield>
  <datafield tag="215" ind1=" " ind2=" ">
    <subfield code="a">23 p.</subfield>
    <subfield code="c">couv. ill.</subfield>
    <subfield code="d">21 cm</subfield>
  </datafield>
  <datafield tag="300" ind1=" " ind2=" ">
    <subfield code="a">Transcription d'une conf&#xE9;rence donn&#xE9;e au Centre protestant de Cartigny en 1970</subfield>
  </datafield>
  <datafield tag="606" ind1=" " ind2=" ">
    <subfield code="9">692</subfield>
    <subfield code="a">Pacifisme</subfield>
  </datafield>
  <datafield tag="606" ind1=" " ind2=" ">
    <subfield code="9">3699</subfield>
    <subfield code="a">Protestantisme</subfield>
  </datafield>
  <datafield tag="700" ind1=" " ind2=" ">
    <subfield code="9">176</subfield>
    <subfield code="a">Cruse</subfield>
    <subfield code="b">Ren&#xE9;</subfield>
    <subfield code="f">1922-2017</subfield>
  </datafield>
  <datafield tag="801" ind1=" " ind2=" ">
    <subfield code="a">CH</subfield>
    <subfield code="b">CH-002049-8</subfield>
  </datafield>
  <datafield tag="995" ind1=" " ind2=" ">
    <subfield code="1">0</subfield>
    <subfield code="2">0</subfield>
    <subfield code="3">0</subfield>
    <subfield code="5">2026-01-06</subfield>
    <subfield code="9">6647</subfield>
    <subfield code="b">ARCHIC</subfield>
    <subfield code="c">ARCHIC</subfield>
    <subfield code="e">Brochures</subfield>
    <subfield code="f">7540</subfield>
    <subfield code="k">Broch 0233</subfield>
    <subfield code="o">1</subfield>
  </datafield>
</record>
